000 02318cam a22004574a 4500
001 16135139
003 OSt
005 20160407160506.0
008 100310s2010 enkaf f 001 0 eng
010 _a 2010010194
015 _aGBA9B0756
_2bnb
016 7 _a101526182
_2DNLM
016 7 _a015421073
_2Uk
020 _a9780199230921 (alk. paper)
020 _a0199230927 (alk. paper)
035 _a(OCoLC)ocn467748369
040 _aSEKU
042 _apcc
050 0 0 _aRC 86.8
_b.R3 2010
060 1 0 _aWB 39
_bR177o 2010
082 0 0 _a616/.025
_222
100 1 _aRamrakha, Punit S.
245 1 0 _aOxford handbook of acute medicine /
_cPunit S. Ramrakha, Kevin P. Moore, Amir Sam.
246 1 3 _aHandbook of acute medicine
250 _a3rd ed.
260 _aOxford ;
_aNew York :
_bOxford University Press,
_c2010.
300 _axxxvii, 869 p., [4] p. of plates :
_bill. (some col.) ;
_c19 cm.
490 1 _aOxford handbooks
490 1 _aOxford medical publications
500 _aIncludes index.
520 _a"The best-selling Oxford Handbook of Acute Medicine is an up-to-date, practical and comprehensive guide to the management of the acutely ill patient.This third edition has been revised throughout to include the most up-to-date guidelines and treatment management plans. A new junior author ensures that the content remains relevant and accessible to all medics approaching acute medicine for the first time. This edition includes a new chapter which focuses on common presentations, and quick reference boxes throughout highlight top priorities in the management of each condition. The section on practical procedures has also been expanded to include core competencies for the Foundation Programme.With brand new figures and clinical tips from the experienced authors, the third edition of the Oxford Handbook of Acute Medicine remains the must-have resource for all those dealing with acute illness"--Provided by publisher.
650 0 _aMedical emergencies
_vHandbooks, manuals, etc.
650 1 2 _aEmergencies
_vHandbooks.
650 2 2 _aCritical Care
_xmethods
_vHandbooks.
650 2 2 _aEmergency Medicine
_vHandbooks.
700 1 _aMoore, Kevin P.
700 1 _aSam, Amir H.
830 0 _aOxford handbooks.
830 0 _aOxford medical publications.
942 _2lcc
_cGEN
999 _c12517
_d12517